000 00292 a2200121 4500
005 20250625154623.0
020 _a0-13-087902-9
082 _a658.4012DAV
100 _aDAVID, F.R.
245 _aStrategic Management: Cases
300 _axxxii, 432,: ill.; figure, table
_c25cm
942 _2ddc
_cBKS
999 _c5124
_d5124